Sixth Ozone World Congress : proceedings, May 23-26, 1983, Washington, D.C. /

Bibliographic Details
Corporate Authors: Ozone World Congress Washington, D.C., International Ozone Association
Format: Conference Proceeding Book
Language:English
Published: Vienna, Va. : International Ozone Association, [1983]
Subjects:

MARC

Tag First Indicator Second Indicator Subfields
LEADER 00000cam a2200000 a 4500
001 in00001003003
005 20150927190917.0
008 850329s1983 vaua 10010 eng d
035 |a (OCoLC)11863322 
035 |9 AFA0256AM 
040 |a LHL  |c LHL  |d m/c  |d UtOrBLW 
049 |a TXAM 
090 |a TP245.O9  |b O96 1983 
111 2 |a Ozone World Congress  |n (6th :  |d 1983 :  |c Washington, D.C.) 
245 1 0 |a Sixth Ozone World Congress :  |b proceedings, May 23-26, 1983, Washington, D.C. /  |c International Ozone Association. 
264 1 |a Vienna, Va. :  |b International Ozone Association,  |c [1983] 
264 4 |c ©1983 
300 |a 204 pages :  |b illustrations ;  |c 29 cm.  
336 |a text  |b txt  |2 rdacontent 
337 |a unmediated  |b n  |2 rdamedia 
338 |a volume  |b nc  |2 rdacarrier 
500 |a Cover title. 
504 |a Includes bibliographical references. 
650 0 |a Ozone  |x Congresses. 
650 0 |a Ozone  |x Environmental aspects  |x Congresses. 
710 2 |a International Ozone Association. 
999 |a MARS 
999 f f |s ff2127e8-8031-31ea-85d0-b8f4df3f50b2  |i 90b8d31b-5d62-3b32-8293-3baa65a8cfb3  |t 0 
952 f f |p ric  |a Texas A&M University  |b Rellis Campus  |c Joint Library Facility  |d Remote Storage  |t 0  |e TP245.O9 O96 1983  |h Library of Congress classification  |i unmediated -- volume  |m A14814414658 
998 f f |a TP245.O9 O96 1983  |t 0  |l Remote Storage